000 01336nam a2200361 a 4500
001 81802
003 BD-RjUL
005 20230829110148.0
008 210316s2021 sz ob 001 0 eng d
020 _a9783030538965
020 _a9783030538972
_q(electronic bk.)
020 _z3030538966
020 _z9783030538965
020 _a9783030539405
020 _a9783030539412
035 _a(BD-RjUL)81802
040 _aYDX
_beng
_epn
_cYDX
_dBD-RjUL
_dDKU
041 _aeng
082 0 4 _223
_a577.64
_bCHR 2021
100 1 _aChakraborty, Susanta Kumar,
_d1960-
_98655
245 1 0 _aRiverine ecology /
_cSusanta Kumar Chakraborty.
260 _aCham :
_bSpringer,
_c2021.
300 _aV.:
_bill.;
_c24 cm.
336 _atext
_btxt
_2rdacontent
337 _acomputer
_bc
_2rdamedia
338 _aonline resource
_bcr
_2rdacarrier
347 _atext file
504 _aIncludes bibliographical references and index.
505 0 1 _aVol.1 Eco-functionality of the physical environment of rivers-- V.2 Biodiversity conservation, conflicts and resolution--
650 0 _aStream ecology.
_98656
776 0 8 _iPrint version:
_aChakraborty, Susanta Kumar, 1960-
_tRiverine ecology. Volume 1, Eco-functionality of the physical environment of rivers.
_dCham : Springer, 2021
_z3030538966
_z9783030538965
_w(OCoLC)1159043014
942 _2ddc
_cBK
999 _c81802
_d81802